Riconosci il Pokémon - Quiz n°4 - Statistics

Statistiche generali
  • Questo quiz è stato fatto 37 volte
  • Il punteggio medio è 8 su 10
Statistiche sulle risposte
Indizio Risposta % Corretto
Generazione Sesta
97%
Tipo Acqua
92%
Stadio evoluzione Prima evoluzione
83%
Abilità Acquaiuto; Mutatipo
78%
Peso 10,9 kg
72%
Altezza 0,6 m
69%
Sesso 87.5% ♂, 12.5% ♀
69%
Tasso di cattura 45 (11.9%)
64%
Tasso di allevamento Medio-Lento
64%
Pokémon Frogadier
61%
Nessun quiz corrispondente trovato
Distribuzione punteggi
Percentuale di utenti per punteggio
Percentile per numero di risposta
I tuoi punteggi nel tempo
Non hai fatto questo quiz